000 00506nam a2200181Ia 4500
008 240925s9999 xx 000 0 und d
020 _a9789384007003
082 _a621.392 RAM
100 _aS. Ramamurthy; V. P. Kothari
245 0 _aVHDL: modeling for digital design synthesis
250 _a1st
260 _aNew Delhi:
_bScientific International
_c,2014.
300 _a1043p.
_bNA
_fOriginal
500 _aIncludes Index
600 _aEngineering Technology
650 _aTechnology
942 _cBK
999 _c12478
_d12478